000 00394pab a2200157 454500
008 180718b1996 xxu||||| |||| 00| 0 eng d
100 _aGopalaswami, T.V.
245 _aBuilding a dynamic competitive capability (a review article)
260 _c1996
300 _ap.38-41
362 _aOct
650 _aIndustries
650 _aIndustrial development
773 _aYojana
909 _a32328
999 _c32328
_d32328